Statystyki dla Kraje BEZ KFC

Kliknij tutaj aby rozwiązać quiz!

Ogólne statystyki

  • Ten quiz został rozwiązany 226 razy
  • Średni wynik to 26 z 70

Statystyki odpowiedzi

KontynentKraj% Poprawnych
Ameryka PółnocnaKuba
59%
EuropaAndora
54%
AzjaKorea Północna
53%
EuropaLiechtenstein
51%
AfrykaDemokratyczna Republika Konga
49%
AfrykaNiger
49%
EuropaLuksemburg
48%
EuropaNorwegia
47%
AfrykaSudan
47%
AfrykaCzad
45%
Ameryka PółnocnaHaiti
45%
Ameryka PołudniowaUrugwaj
45%
AfrykaLibia
44%
AfrykaEtiopia
43%
AfrykaKongo
43%
AfrykaMali
43%
AzjaIran
42%
AfrykaSomalia
42%
AfrykaMadagaskar
41%
AfrykaSenegal
41%
AfrykaAlgieria
40%
EuropaCzarnogóra
40%
AfrykaZambia
40%
AfrykaGwinea
39%
AzjaSyria
39%
AfrykaSudan Południowy
38%
AfrykaTogo
38%
AzjaAfganistan
37%
AfrykaErytrea
37%
AfrykaKamerun
37%
Ameryka PółnocnaBelize
36%
EuropaFinlandia
36%
AfrykaGambia
36%
EuropaBośnia i Hercegowina
35%
AfrykaGwinea Równikowa
35%
AfrykaMauretania
35%
AfrykaSeszele
35%
AzjaTadżykistan
35%
AzjaJemen
34%
Ameryka PołudniowaGujana Francuska
33%
AfrykaGwinea Bissau
33%
OceaniaPalau
33%
OceaniaWyspy Marshalla
33%
OceaniaWyspy Salomona
33%
AfrykaBenin
32%
AfrykaBurkina Faso
32%
OceaniaMikronezja
32%
AfrykaMozambik
32%
OceaniaPapua-Nowa Gwinea
32%
AfrykaRepublika Środkowoafrykańska
32%
AzjaTurkmenistan
32%
AzjaBhutan
31%
AfrykaGabon
31%
OceaniaKiribati
31%
Ameryka PółnocnaNikaragua
31%
OceaniaTuvalu
31%
OceaniaVanuatu
31%
AfrykaDżibuti
30%
AfrykaKomory
30%
AfrykaLiberia
30%
OceaniaNauru
30%
OceaniaTonga
30%
EuropaBelgia
29%
AfrykaRwanda
28%
AfrykaSierra Leone
28%
AfrykaBurundi
27%
AzjaIzrael
26%
OceaniaSamoa
26%
AfrykaWyspy Świętego Tomasza i Książeca
24%
AzjaTimor Wschodni
22%

Rozkład punktacji

Percentyl według liczby udzielonych odpowiedzi

Procent ludzi z każdym wynikiem

Twoja historia wyników

Nie rozwiązałeś tego quizu